000 00321nam a22001337a 4500
008 181024b xxu||||| |||| 00| 0 eng d
020 _a9780395868270
041 _aeng
080 _23 ED
_a370
100 _a49
101 _aEDU
245 _aChild Development A Thematics Approach
_cBukatko.D
942 _2udc
_cBK
999 _c50873
_d50873